Equatorial Guinea oil & gas report Q2 2014 : Includes 10 - year forecasts to 2023.

Bibliographic Details
Format: Book
Published: London: Business Monitor International, 2014.
Series:Part of BMI's industry report & forecasts series
Subjects:
LEADER 00630cam a2200169 7i4500
001 0000031313
005 20140515090000.0
022 0 0 |a 17584736 
090 0 0 |a EQGU 665.5   |b EQU 
245 0 0 |a Equatorial Guinea oil & gas report Q2 2014 :   |b Includes 10 - year forecasts to 2023. 
260 0 0 |a London:   |b Business Monitor International,   |c 2014. 
300 # # |a 99 p. 
440 0 0 |a Part of BMI's industry report & forecasts series 
650 0 0 |a Petroleum industry and trade --   |z Equatorial Guinea  
650 0 0 |a Gas industry and trade --   |z Equatorial Guinea  
651 0 0 |a Equatorial Guinea  
999 |a B000034387  |b Book  |c Countries  |e Business Information Centre